Normal view
MARC view
Entry Personal Name
001 - CONTROL NUMBER
- control field: 13318
003 - CONTROL NUMBER IDENTIFIER
- control field: OSt
005 - DATE AND TIME OF LATEST TRANSACTION
- control field: 20191118111638.0
008 - FIXED-LENGTH DATA ELEMENTS
- fixed length control field: 191118|| aca||aabn | a|a d
040 ## - CATALOGING SOURCE
- Original cataloging agency: OSt
- Transcribing agency: OSt
100 ## - HEADING--PERSONAL NAME
- Personal name: Homan, Patricia
670 ## - SOURCE DATA FOUND
- Source citation: Work cat.: (OSt): Homan, Patricia, Structural sexism and health in the United States: A new perspective on health inequality and the gender system
